00433cam a2200157ua 45000010005000000080039000050400009000440820011000532450060000642500009001242600037001333000020001706530023001906530045002137000017002581109110428n ii |||gr||||Z||||||eng cMAIN a320.541 aSocial background of Indian nationalism.cBy A R Desai. a5th. aDelhi.:bPopular prakashan.,984. a461 p.:c21 cm. aPolitical science. aSocial background of Indian nationalism.1 aDesai, A R.,